[Event "CZE-chTV 0102"]
[Site "Czech Republic"]
[Date "2002.??.??"]
[Round "4"]
[White "Hitzgerova, Gabriela"]
[Black "Kourek, Josef"]
[Result "0-1"]
[WhiteElo "2160"]
[BlackElo "2255"]
[PlyCount "124"]
[EventDate "2001.??.??"]
[EventType "team"]
[EventRounds "11"]
[EventCountry "CZE"]
[SourceTitle "EXT 2003"]
[Source "ChessBase"]
[SourceDate "2002.11.25"]
[SourceVersion "1"]
[SourceVersionDate "2002.11.25"]
[SourceQuality "1"]
[WhiteTeam "Bohemians II"]
[BlackTeam "Synthesia"]
[WhiteTeamCountry "CZE"]
[BlackTeamCountry "CZE"]

1. e4 c5 2. Nf3 d6 3. d4 cxd4 4. Nxd4 Nf6 5. Nc3 g6 6. Be2 Bg7 7. 0-0 0-0 8. Nb3 Nc6 9. Re1 Be6 10. Bf1 Rc8 11. Bg5 Ne5 12. Nd5 Bxd5 13. exd5 h6 14. Be3 Qc7 15. Rc1 Nc4 16. Bd4 b5 17. g3 Qb7 18. Bg2 a5 19. Rb1 Rc7 20. Qd3 Rfc8 21. c3 a4 22. Nd2 Nh5 23. Bxg7 Kxg7 24. Nf3 Nf6 25. Nd4 Ne5 26. Rxe5 dxe5 27. d6 exd4 28. dxc7 Qxc7 29. Qxd4 Rd8 30. Qb4 Qe5 31. c4 bxc4 32. Qxc4 Rd2 33. b4 axb3 34. axb3 Rxf2 35. Kxf2 Qf5+ 36. Bf3 Qxb1 37. b4 e5 38. b5 e4 39. Be2 Qb2 40. Ke3 Qa3+ 41. Kd2 Qb2+ 42. Ke3 Qe5 43. Kd2 Nd5 44. Qb3 Qd4+ 45. Kc2 f5 46. h4 Kf6 47. Qb2 Qxb2+ 48. Kxb2 g5 49. hxg5+ hxg5 50. Kb3 f4 51. gxf4 gxf4 52. Kc4 Ke5 53. Kc5 f3 54. Bd1 f2 55. Be2 Nc3 56. b6 Na4+ 57. Kb5 Nxb6 58. Kxb6 Kd4 59. Kc6 Ke3 60. Bc4 Kd2 61. Kd5 e3 62. Ke4 e2 0-1

[Event "Olomouc Ave Kontakt Cup"]
[Site "Olomouc"]
[Date "2002.??.??"]
[Round "6"]
[White "Hitzgerova, Gabriela"]
[Black "Krejci, Jakub"]
[Result "1/2-1/2"]
[WhiteElo "2230"]
[BlackElo "2286"]
[PlyCount "84"]
[EventDate "2002.08.??"]
[EventType "tourn"]
[EventRounds "11"]
[EventCountry "CZE"]
[EventCategory "3"]
[SourceTitle "CBM 089 Extra"]
[Source "ChessBase"]
[SourceDate "2002.09.10"]
[SourceVersion "2"]
[SourceVersionDate "2002.09.10"]
[SourceQuality "1"]

1. e4 c5 2. Nf3 e6 3. d4 cxd4 4. Nxd4 Nf6 5. Nc3 d6 6. Be2 Be7 7. 0-0 0-0 8. f4 Nc6 9. Be3 a6 10. a4 Qc7 11. Kh1 Re8 12. Bf3 Rb8 13. g4 Nxd4 14. Bxd4 e5 15. fxe5 dxe5 16. Ba7 Ra8 17. g5 Rd8 18. Qe2 Ne8 19. Be3 Be6 20. Qf2 Rdc8 21. Bg4 Nd6 22. Bxe6 fxe6 23. g6 hxg6 24. Qg2 Rf8 25. Qxg6 Qc4 26. Rg1 Rf7 27. Rad1 Raf8 28. Rd3 Ne8 29. Bg5 Bxg5 30. Qxg5 Qc5 31. Rh3 Rf1 32. Rhg3 Rxg1+ 33. Rxg1 Rf6 34. Qh5 Kf8 35. Qh8+ Ke7 36. Qh4 Qe3 37. Qg3 Qxg3 38. Rxg3 Rf2 39. Rg2 Rf1+ 40. Rg1 Rf2 41. Rg2 Rf1+ 42. Rg1 Rf2 1/2-1/2

[Event "Stockholm IM"]
[Site "Stockholm"]
[Date "2002.??.??"]
[Round "7"]
[White "Hitzgerova, Gabriela"]
[Black "Lindberg, Bengt"]
[Result "1-0"]
[WhiteElo "2216"]
[BlackElo "2362"]
[PlyCount "79"]
[EventDate "2002.06.08"]
[EventType "tourn"]
[EventRounds "9"]
[EventCountry "SWE"]
[EventCategory "4"]
[SourceTitle "EXT 2003"]
[Source "ChessBase"]
[SourceDate "2002.11.25"]
[SourceVersion "1"]
[SourceVersionDate "2002.11.25"]
[SourceQuality "1"]

1. e4 c5 2. Nf3 e6 3. d4 cxd4 4. Nxd4 Nf6 5. Nc3 d6 6. Be2 Be7 7. 0-0 0-0 8. f4 Nc6 9. Be3 a6 10. a4 Qc7 11. Kh1 Re8 12. Bf3 Rb8 13. g4 Nd7 14. g5 Nxd4 15. Bxd4 b6 16. Bg2 Bb7 17. Qh5 g6 18. Qh4 Qd8 19. Rf3 e5 20. Be3 exf4 21. Bxf4 h5 22. Raf1 Nc5 23. Be3 Rf8 24. Nd5 Bxd5 25. exd5 Nd7 26. Rh3 Ne5 27. Bf3 Nxf3 28. Rhxf3 Rb7 29. Qf4 Qc8 30. R3f2 Rc7 31. Qe4 b5 32. axb5 axb5 33. b3 Qe8 34. Qf4 Bd8 35. Bc1 Rd7 36. Bb2 f5 37. gxf6 Kf7 38. Rf3 Kg8 39. f7+ Rfxf7 40. Qh6 1-0

[Event "CZE-chT2V 0203"]
[Site "Czech Republic"]
[Date "2002.??.??"]
[Round "4"]
[White "Posta, Petr"]
[Black "Hitzgerova, Gabriela"]
[Result "0-1"]
[WhiteElo "2194"]
[BlackElo "2225"]
[PlyCount "97"]
[EventDate "2002.10.??"]
[EventType "team"]
[EventRounds "11"]
[EventCountry "CZE"]
[SourceTitle "EXT 2007"]
[Source "ChessBase"]
[SourceDate "2006.11.23"]
[SourceVersion "1"]
[SourceVersionDate "2006.11.23"]
[SourceQuality "1"]
[WhiteTeam "AVE Kontakt"]
[BlackTeam "Bohemians II"]
[WhiteTeamCountry "CZE"]
[BlackTeamCountry "CZE"]

1. e4 c5 2. Nf3 d6 3. d4 cxd4 4. Qxd4 Bd7 5. c4 Nc6 6. Qd2 Nf6 7. Nc3 g6 8. b3 Bg7 9. Bb2 0-0 10. Bd3 Bg4 11. Be2 a5 12. h3 Bxf3 13. Bxf3 Ne5 14. Be2 a4 15. 0-0 Ned7 16. Nxa4 Nxe4 17. Qc2 Bxb2 18. Nxb2 f5 19. Bf3 Ndf6 20. Na4 Qc7 21. Rac1 Rac8 22. Nc3 Nxc3 23. Qxc3 e5 24. Rfd1 e4 25. Be2 Qe7 26. Rd4 Ne8 27. c5 Rxc5 28. Bc4+ Kh8 29. Rxe4+ Qg7 30. Qxg7+ Nxg7 31. Rd4 b5 32. Rxd6 bxc4 33. b4 Rcc8 34. a4 Ra8 35. a5 Rfc8 36. a6 Ne8 37. Rb6 c3 38. b5 Kg8 39. Kf1 Ra7 40. Ke2 c2 41. Re6 Kf7 42. Rb6 Nf6 43. Rd6 Rb8 44. Rxc2 Rxb5 45. Rdc6 Nd5 46. g3 Re7+ 47. Kf3 Nb4 48. Rb2 Nxc6 49. Rxb5 0-1